000 00901nam a2200265 i 4500
003 DO-SdBNP
005 20230508151456.0
007 ta
008 190723s1976 dr 000 spa d
040 _aDO-SdBNP
_bspa
_cBNPHU
_erda
082 4 _a616.025
_bU75m 1976
_222
100 1 _aBatista del Villar, Guarocuya
_920408
245 0 0 _aUrgencias médicas /
_ceditor Guarocuya Batista del Villar
264 _aSanto Domingo :
_bTaller,
_c1976.
300 _a611 páginas:
_bilustraciones, cuadros, figuras ;
_c23 cm.
336 _2rdacontent
_atexto
_btxt
337 _2rdamedia
_asin mediación
_bn
338 _2rdacarrier
_avolumen
_bnc
500 _aIncluye datos biográficos del autor en las solapas
590 _aInventariado, 2023/BT
650 4 _aUrgencias médicas
_92343
650 4 _aMedicina de urgencias
_925942
650 4 _aCuidados intensivos (Medicina)
_925943
942 _2ddc
_cLBS1
999 _c48642
_d48642